000 00915nac a22003137a 4500
001 BR7801572
003 BR-BrBNA
005 20240105114217.0
008 230509b bl.|||m| |||| 00| 0 por d
040 _aBR-BrBNA
_bpor
_cBiblioteca Nacional de Agricultura
072 _aH10
090 _a1122 BR7801572
100 1 _aSampaio, A.
110 1 _aBayer do Brasil S.A., Sao Paulo, SP
245 1 _aMamao, uma cultura em expansao [Carica papaya; Praga de planta; Brasil]
260 3 _aSao Paulo, SP (Brasil):
_cJan 1978.
300 _a3 p.
490 _aBoletim Fitossanitario - Bayer do Brasil S.A. (Brazil)
_vno. 241
_x
650 _aPraga de planta
650 _aMamao
650 _aInseto
650 _aPercevejo
650 _aCochonilha
650 _aLagarta
650 _aNematoide
650 _aControle quimico
909 _a202312
_bLúcia Elande
_c55
_dLúcia Elande
942 _2AGRIS
_n0
_cMS
999 _c268033
_d268033